000
00322nam a2200133Ia 4500
008
191201s1968 xx 000 0 und d
100
_a
ZWORYKIN,Laval Fx
245
0
_a
Columbia Viking Desk Encyclopedia
250
_a
3rd
260
_a
New York
_b
Viking press
_c
1968
300
_a
1202
650
_a
Applied
942
_2
ddc
_c
BK
999
_c
631
_d
631